Catalog

Record Details

Catalog Search



Interactions : explorations of good practice in educational work with video testimonies of victims of National Socialism  Cover Image Book Book

Interactions : explorations of good practice in educational work with video testimonies of victims of National Socialism / edited by Werner Dreier, Angelika Laumer, Moritz Wein.

Record details

  • ISBN: 978-3-9818556-1-6
  • ISBN: 3-9818556-1-2
  • Physical Description: 353 stran : barevné ilustrace ; 24 cm.
  • Publisher: Berlin : EVZ Foundation Rememberance, Responsibility and Future, [2018].

Content descriptions

Bibliography, etc. Note:
Obsahuje bibliografické poznámky, seznam literatury vždy na konci kapitoly
Subject: nacismus
holocaust (1939-1945)
politická perzekuce
oběti fašismu
narativita
videozáznamy
vyučovací metody
Nazism
holocaust (1939-1945)
political persecution
victims of fascism
narratives
video recordings
teaching methods
Německo
Germany
Genre: kolektivní monografie

Available copies

  • 1 of 1 copy available at Common Catalog SPOK.

Holds

  • 0 current holds with 1 total copy.
Show Only Available Copies
Location Call Number / Copy Notes Barcode Shelving Location Status Due Date
Terezin Initiative Institute 6788 4594306788 Knihovna ITI Available -

LDR 02352cam a22005774i 4500
00148326
003CZ-PrJAB
00520220802080758.0
008191125s2018 gw ad f 000 0 eng d
020 . ‡a978-3-9818556-1-6 ‡q(brožováno)
020 . ‡a3-9818556-1-2
035 . ‡a(CZ PrSKC)002475253
040 . ‡aDLC ‡bcze ‡cDLC ‡dABB085 ‡erda
0411 . ‡aeng ‡hrus ‡hger
072 7. ‡a323 ‡xVnitropolitický vývoj, politický život ‡2Konspekt ‡915
24500. ‡aInteractions : ‡bexplorations of good practice in educational work with video testimonies of victims of National Socialism / ‡cedited by Werner Dreier, Angelika Laumer, Moritz Wein.
24630. ‡aExplorations of good practice in educational work with video testimonies of victims of National Socialism
264 1. ‡aBerlin : ‡bEVZ Foundation Rememberance, Responsibility and Future, ‡c[2018].
264 4. ‡c©2018.
300 . ‡a353 stran : ‡bbarevné ilustrace ; ‡c24 cm.
336 . ‡atext ‡btxt ‡2rdacontent
336 . ‡astatický obraz ‡bsti ‡2rdacontent
337 . ‡abez média ‡bn ‡2rdamedia
338 . ‡asvazek ‡bnc ‡2rdacarrier
4901 . ‡aEducation with testimonies ; ‡vVol. 4
504 . ‡aObsahuje bibliografické poznámky, seznam literatury vždy na konci kapitoly
648 7. ‡a1939-1945 ‡7ch460653 ‡2czenas
65007. ‡anacismus ‡7ph115411 ‡2czenas
65007. ‡aholocaust (1939-1945) ‡7ph117203 ‡2czenas
65007. ‡apolitická perzekuce ‡7ph124236 ‡2czenas
65007. ‡aoběti fašismu ‡7ph135349 ‡2czenas
65007. ‡anarativita ‡7ph752786 ‡2czenas
65007. ‡avideozáznamy ‡7ph180739 ‡2czenas
65007. ‡avyučovací metody ‡7ph127294 ‡2czenas
65009. ‡aNazism ‡2eczenas
65009. ‡aholocaust (1939-1945) ‡2eczenas
65009. ‡apolitical persecution ‡2eczenas
65009. ‡avictims of fascism ‡2eczenas
65009. ‡anarratives ‡2eczenas
65009. ‡avideo recordings ‡2eczenas
65009. ‡ateaching methods ‡2eczenas
651 7. ‡aNěmecko ‡7ge135889 ‡2czenas
651 9. ‡aGermany ‡2eczenas
655 7. ‡akolektivní monografie ‡7fd501537 ‡2czenas
7001 . ‡aDreier, Werner, ‡d1956- ‡7jn20030303017 ‡4edt
7001 . ‡aLaumer, Agelika ‡4edt
7001 . ‡aWein, Moritz ‡4edt
7102 . ‡aStiftung "Erinnerung, Verantwortung und Zukunft" ‡4pbl
830 0. ‡aEducation with testimonies ; ‡vVol. 4
910 . ‡aABE340 ‡b6788
995 . ‡aska
901 . ‡a48326 ‡b ‡c48326 ‡tbiblio

Additional Resources